Sử dụng phương pháp kể chuyện trong dạy học các bài "công dân với đạo đức" ( SGK môn GDCD 10)
Phương pháp kể chuyện trong dạy học môn giáo dục công dân. Sử dụng phương pháp kể chuyện trong dạy học các bài "công dân với đạo đức" ( SGK môn GDCD 10)
Gespeichert in:
| 1. Verfasser: | |
|---|---|
| Weitere Verfasser: | |
| Format: | Buch |
| Sprache: | Vietnamese |
| Veröffentlicht: |
Đại học Đà Nẵng
Trường đại học Sư Phạm
2010
|
| Schriftenreihe: | Khóa luận tốt nghiệp đại học. Chuyên ngành: Giáo dục chính trị
|
| Schlagworte: | |
| Tags: |
Tag hinzufügen
Keine Tags, Fügen Sie den ersten Tag hinzu!
|
| Thư viện lưu trữ: | Mạng thư viện Đại học Đà Nẵng |
|---|
| LEADER | 01558nam a2200349 4500 | ||
|---|---|---|---|
| 001 | 000011640 | ||
| 003 | 7899 | ||
| 005 | 20150304140359.0 | ||
| 008 | 120207s2010 viesd | ||
| 041 | |a vie | ||
| 072 | |a Khóa luận tốt nghiệp | ||
| 082 | 1 | |a 373.1 |b ĐO-H | |
| 100 | 1 | |a Đỗ, Thị Hiền | |
| 245 | 1 | |a Sử dụng phương pháp kể chuyện trong dạy học các bài "công dân với đạo đức" ( SGK môn GDCD 10) |c Đỗ, Thị Hiền | |
| 260 | |a Đại học Đà Nẵng |b Trường đại học Sư Phạm |c 2010 | ||
| 300 | |a 55 tr. |c 29 cm | ||
| 490 | |a Khóa luận tốt nghiệp đại học. Chuyên ngành: Giáo dục chính trị | ||
| 500 | |a Tham khảo [2 tr.] | ||
| 520 | |a Phương pháp kể chuyện trong dạy học môn giáo dục công dân. Sử dụng phương pháp kể chuyện trong dạy học các bài "công dân với đạo đức" ( SGK môn GDCD 10) | ||
| 653 | |a Khóa luận tốt nghiệp đại học | ||
| 653 | |a Khoa Giáo dục chính trị | ||
| 700 | |a Đặng, Xuân Điều |c Th.S |e Hướng dẫn | ||
| OWN | |a LSP | ||
| AVA | |a UDN50 |b LSP |d 373.1 ĐO-H |e available |t Error 5001 Not defined in file expand_doc_bib_avail. |f 1 |g 0 |h N |i 0 |k 1 | ||
| 999 | |a From the UDN01 | ||
| AVA | |a UDN50 |b LSP |d 373.1 ĐO-H |e available |t Error 5001 Not defined in file expand_doc_bib_avail. |f 1 |g 0 |h N |i 0 |k 1 | ||
| TYP | |a Monograph | ||
| TYP | |a Printed language | ||
| 980 | |a Mạng thư viện Đại học Đà Nẵng | ||